[Event "Quebec op"]
[Site "Ste-Foy CAN"]
[Date "2017.08.18"]
[Round "8.2"]
[White "Sambuev, Bator"]
[Black "Hebert, Jean"]
[Result "1/2-1/2"]
[WhiteElo "2522"]
[BlackElo "2370"]
[PlyCount "218"]
[GameId "2160767739903462"]
[EventDate "2017.08.12"]
[EventType "swiss"]
[EventRounds "9"]
[EventCountry "CAN"]
[TimeControl "600+2"]

1. Nf3 d5 2. c4 c6 3. e3 Nf6 4. b3 g6 5. Bb2 Bg7 6. d3 O-O 7. Nbd2 b6 8. Be2 c5 9. cxd5 Nxd5 10. Bxg7 Kxg7 11. Qc2 e6 12. a3 Bb7 13. h4 h6 14. g4 Nd7 15. g5 h5 16. Qb2+ Kg8 17. Rc1 Qe7 18. Ne4 Rfd8 19. Rg1 e5 20. Nfd2 b5 21. Bf1 N5b6 22. Bh3 Bd5 23. Nf6+ Nxf6 24. gxf6 Qxf6 25. Rg5 c4 26. Qxe5 Qxe5 27. Rxe5 cxd3 28. Rc3 Re8 29. Rxe8+ Rxe8 30. Rxd3 Re7 31. Kd1 Rc7 32. e4 Bb7 33. Bf1 Nd7 34. Rd4 Bc6 35. b4 Kf8 36. Nb3 Ke7 37. Kd2 Nf8 38. Ke3 Ne6 39. Rd3 Bd7 40. Be2 Be8 41. f4 f6 42. f5 gxf5 43. exf5 Ng7 44. Kf4 Bd7 45. Nd4 a6 46. Rg3 Kf7 47. Bf3 Rc1 48. Bd5+ Kf8 49. Rg6 Rf1+ 50. Nf3 Ne8 51. Rg8+ Ke7 52. Rh8 Ng7 53. Rh7 Kf8 54. Rh8+ Ke7 55. Be4 Ra1 56. Rh7 Kf8 57. Rh6 Ke7 58. Rh7 Kf8 59. Nd4 Rf1+ 60. Bf3 Kg8 61. Rh6 Nxf5 62. Nxf5 Bxf5 63. Rxh5 Bc2 64. Rd5 f5 65. Rd8+ Kf7 66. Kg3 Be4 67. Bxe4 fxe4 68. Rd4 Rf3+ 69. Kg4 Rxa3 70. Rxe4 a5 71. bxa5 Rxa5 72. Re5 Ra4+ 73. Kg5 Rb4 74. h5 Rb1 75. Rc5 Rg1+ 76. Kh6 b4 77. Rb5 Rg4 78. Rb6 Rh4 79. Rb5 Kg8 80. Rb7 Rc4 81. Rb8+ Kf7 82. Kh7 Rg4 83. h6 Rh4 84. Rb7+ Kf6 85. Rb5 Rc4 86. Rb6+ Kf7 87. Rb8 Rc7 88. Kh8 Kg6 89. Rb6+ Kf7 90. Rxb4 Kg6 91. Rb6+ Kf7 92. Kh7 Rc1 93. Rb2 Rf1 94. Rg2 Kf8 95. Rg8+ Kf7 96. Ra8 Rg1 97. Ra6 Rg2 98. Ra1 Rg4 99. Rf1+ Ke7 100. Rf5 Rg1 101. Kh8 Rg2 102. h7 Rg1 103. Ra5 Kf7 104. Ra7+ Kf8 105. Ra8+ Kf7 106. Rg8 Ra1 107. Rg2 Kf8 108. Rg4 Rf1 109. Rf4+ Rxf4 1/2-1/2

[Event "Quebec op"]
[Site "Ste-Foy CAN"]
[Date "2017.08.19"]
[Round "9"]
[White "Hebert, Jean"]
[Black "Berube, Antoine"]
[Result "1-0"]
[WhiteElo "2370"]
[BlackElo "2121"]
[PlyCount "69"]
[GameId "2160767908347312"]
[EventDate "2017.08.12"]
[EventType "swiss"]
[EventRounds "9"]
[EventCountry "CAN"]
[SourceTitle "CBM 180 Extra"]
[Source "ChessBase"]
[SourceDate "2017.10.06"]
[SourceVersion "1"]
[SourceVersionDate "2017.10.06"]
[SourceQuality "1"]

1. Nf3 d5 2. g3 c6 3. Bg2 Bg4 4. O-O Nd7 5. d3 Ngf6 6. Nbd2 e5 7. h3 Bxf3 8. Bxf3 Bc5 9. e4 dxe4 10. dxe4 O-O 11. Qe2 Qe7 12. a4 a5 13. Nc4 Rfd8 14. Bg5 h6 15. Bd2 b6 16. Rfd1 Nh7 17. Bg4 Nhf8 18. Be3 Rab8 19. Rd2 Bxe3 20. Qxe3 Qc5 21. Qxc5 Nxc5 22. Rxd8 Rxd8 23. Nxb6 Rd2 24. Nc4 Rxc2 25. Nxa5 Rxb2 26. Nxc6 Rb6 27. Ne7+ Kh7 28. a5 Ra6 29. Be2 Ra8 30. a6 Nfe6 31. a7 Nc7 32. Bc4 Re8 33. Nd5 Na8 34. Rb1 Ne6 35. Rb8 1-0

[Event "Pere Noel"]
[Site "Montreal CAN"]
[Date "2016.12.26"]
[Round "1.5"]
[White "Yao, Houji"]
[Black "Hebert, Jean"]
[Result "1/2-1/2"]
[WhiteElo "2013"]
[BlackElo "2408"]
[PlyCount "72"]
[GameId "2160767908475141"]
[EventDate "2016.12.26"]
[EventType "swiss"]
[EventRounds "5"]
[EventCountry "CAN"]
[SourceTitle "hb 2016"]

1. e4 c5 2. Nf3 e6 3. d4 cxd4 4. Nxd4 Nc6 5. Nc3 a6 6. Nxc6 bxc6 7. Bd3 d5 8. O-O Nf6 9. Bf4 Bb7 10. Qf3 Be7 11. Rad1 Qa5 12. Bd2 Qc7 13. Rfe1 d4 14. Na4 c5 15. b3 O-O 16. Nb2 Nd7 17. Nc4 Rae8 18. Qh5 e5 19. Qe2 Ra8 20. a4 Rfe8 21. Qf3 Bf8 22. Rb1 Bc8 23. Kh1 Qc6 24. Qg3 Ra7 25. Na5 Qg6 26. Nc4 Bb7 27. Kg1 Nf6 28. Qxg6 hxg6 29. Ba5 Nd7 30. f3 Bc6 31. Bd2 Ba8 32. Kf2 Be7 33. Re2 g5 34. Rh1 g6 35. Ke1 Kg7 36. Kd1 Rb8 1/2-1/2

[Event "Pere Noel"]
[Site "Montreal CAN"]
[Date "2016.12.27"]
[Round "2.9"]
[White "Hebert, Jean"]
[Black "Gagnon, Serge"]
[Result "1-0"]
[WhiteElo "2408"]
[BlackElo "1958"]
[PlyCount "57"]
[GameId "2160767908475163"]
[EventDate "2016.12.26"]
[EventType "swiss"]
[EventRounds "5"]
[EventCountry "CAN"]
[SourceTitle "hb 2016"]

1. e4 d6 2. d4 Nf6 3. Nc3 g6 4. g3 Bg7 5. Bg2 O-O 6. Nge2 e5 7. O-O Nc6 8. d5 Ne7 9. h3 c6 10. dxc6 bxc6 11. f4 Nh5 12. f5 Ba6 13. Bf3 Nf6 14. g4 gxf5 15. exf5 Nfd5 16. Ne4 Qb6+ 17. Rf2 f6 18. b3 Rad8 19. c4 Nc7 20. Ba3 c5 21. Qe1 Nc6 22. Rd1 Bh6 23. Rg2 Be3+ 24. Kh1 Nd4 25. Nxd4 exd4 26. g5 fxg5 27. Nxg5 Kh8 28. Qxe3 dxe3 29. Bb2+ 1-0

[Event "Pere Noel"]
[Site "Montreal CAN"]
[Date "2016.12.28"]
[Round "3.4"]
[White "Hebert, Jean"]
[Black "Duong, Thanh Nha"]
[Result "1/2-1/2"]
[WhiteElo "2408"]
[BlackElo "2248"]
[PlyCount "70"]
[GameId "2160767908475176"]
[EventDate "2016.12.26"]
[EventType "swiss"]
[EventRounds "5"]
[EventCountry "CAN"]
[SourceTitle "hb 2016"]

1. Nf3 Nf6 2. c4 g6 3. Nc3 Bg7 4. d4 O-O 5. Bg5 c5 6. d5 h6 7. Bh4 b5 8. cxb5 a6 9. e3 axb5 10. Bxb5 d6 11. O-O Ba6 12. Bxa6 Nxa6 13. Nd2 Rb8 14. Nc4 Rb4 15. Qe2 Qa8 16. a3 Rbb8 17. Rad1 Nc7 18. e4 Rfe8 19. Rfe1 Nd7 20. Bg3 Qa6 21. e5 Nxe5 22. Nxe5 Qxe2 23. Rxe2 Bxe5 24. Bxe5 dxe5 25. Na4 f6 26. Nxc5 Red8 27. Red2 Nb5 28. f4 Rdc8 29. Ne6 e4 30. a4 Nd6 31. Nd4 Kf7 32. Re2 Rc5 33. Ne6 Rc4 34. Nd4 Rc5 35. Ne6 Rc4 1/2-1/2

[Event "Pere Noel"]
[Site "Montreal CAN"]
[Date "2016.12.29"]
[Round "4.4"]
[White "Beaulieu, Eric"]
[Black "Hebert, Jean"]
[Result "0-1"]
[WhiteElo "2202"]
[BlackElo "2408"]
[PlyCount "138"]
[GameId "2160767908475194"]
[EventDate "2016.12.26"]
[EventType "swiss"]
[EventRounds "5"]
[EventCountry "CAN"]
[SourceTitle "hb 2016"]

1. d4 Nf6 2. c4 e6 3. Nc3 Bb4 4. e3 c5 5. Nf3 Nc6 6. Bd3 d5 7. O-O O-O 8. a3 Bxc3 9. bxc3 b6 10. cxd5 exd5 11. h3 c4 12. Bb1 Re8 13. Nd2 Na5 14. f3 Nh5 15. e4 f5 16. Re1 Qh4 17. Nf1 Nb3 18. Ra2 Nxc1 19. Qxc1 fxe4 20. fxe4 dxe4 21. Nd2 Nf6 22. Nxc4 Be6 23. Nd6 Red8 24. Nxe4 Bxa2 25. Bxa2+ Kh8 26. Ng5 Rd7 27. Nf3 Qh5 28. Re5 Qg6 29. Re6 Qg3 30. Ne5 Rc7 31. Nf3 Rf8 32. Qe3 Qg6 33. Ne5 Qc2 34. Bc4 b5 35. Bxb5 Rxc3 36. Bd3 Qc1+ 37. Qxc1 Rxc1+ 38. Kh2 Rc7 39. Bb5 Rd8 40. Nc6 Rdd7 41. a4 Kg8 42. a5 Kf8 43. a6 Rc8 44. Kg3 Re8 45. Rxe8+ Nxe8 46. Kf4 Nd6 47. Bd3 g6 48. d5 Kg7 49. Ke5 Nf7+ 50. Kd4 Kf6 51. Kc5 Ne5 52. Bb5 Rg7 53. Nxe5 Kxe5 54. d6 Rg8 55. d7 Rf8 56. Kc6 Ke6 57. Kb7 Kd6 58. Ba4 g5 59. Kxa7 Kc7 60. Bc2 h6 61. Bg6 Rb8 62. Be4 Rd8 63. Bf5 Rf8 64. Bg6 Rf6 65. Be4 Rd6 66. Bf5 h5 67. g4 h4 68. Be4 Rxd7 69. Bg2 Rd2 0-1

[Event "Pere Noel"]
[Site "Montreal CAN"]
[Date "2016.12.30"]
[Round "5.4"]
[White "Hebert, Jean"]
[Black "Masse, Hugues"]
[Result "0-1"]
[WhiteElo "2408"]
[BlackElo "2314"]
[PlyCount "46"]
[GameId "2160767908475211"]
[EventDate "2016.12.26"]
[EventType "swiss"]
[EventRounds "5"]
[EventCountry "CAN"]
[SourceTitle "hb 2016"]

1. d4 Nf6 2. c4 g6 3. Nc3 d5 4. cxd5 Nxd5 5. Na4 Bg7 6. e4 Nb6 7. Be3 O-O 8. Nf3 Qd6 9. Nc3 Bg4 10. Be2 c6 11. O-O Bxf3 12. Bxf3 Nc4 13. Qb3 Nxe3 14. fxe3 Qc7 15. e5 Qb6 16. Qa3 e6 17. Ne4 Na6 18. Rac1 Nb4 19. Nd6 Bh6 20. Rc5 Qa6 21. Qxb4 Bxe3+ 22. Rf2 Qd3 23. Be2 Qxe2 0-1

[Event "Outaouais op"]
[Site "Gatineau CAN"]
[Date "2016.06.03"]
[Round "1"]
[White "Leger, Manon"]
[Black "Hebert, Jean"]
[Result "0-1"]
[WhiteElo "2035"]
[BlackElo "2461"]
[PlyCount "54"]
[GameId "2160767908727075"]
[EventDate "2016.06.03"]
[EventType "swiss"]
[EventRounds "5"]
[EventCountry "CAN"]
[SourceTitle "EXT 2022"]
[Source "ChessBase"]
[SourceDate "2021.10.06"]
[SourceVersion "1"]
[SourceVersionDate "2021.10.06"]
[SourceQuality "1"]

1. d4 Nf6 2. c4 e6 3. Nc3 Bb4 4. Bd2 d5 5. e3 O-O 6. Nf3 b6 7. a3 Be7 8. Bd3 c5 9. O-O Bb7 10. cxd5 exd5 11. Rc1 Ne4 12. Be1 Nd7 13. Bb1 Bf6 14. dxc5 Ndxc5 15. Nd4 Re8 16. b4 Bxd4 17. exd4 Ne6 18. f3 Nxc3 19. Bxc3 Ba6 20. Re1 Nf4 21. Rxe8+ Qxe8 22. Kh1 Ne2 23. Rc2 Qe3 24. Bb2 Re8 25. Bc1 Qxd4 26. Rd2 Qh4 27. h3 Nxc1 0-1

[Event "Outaouais op"]
[Site "Gatineau CAN"]
[Date "2016.06.04"]
[Round "2"]
[White "Hebert, Jean"]
[Black "Dunne, Francesco"]
[Result "1-0"]
[WhiteElo "2461"]
[BlackElo "2197"]
[PlyCount "87"]
[GameId "2160767908727084"]
[EventDate "2016.06.03"]
[EventType "swiss"]
[EventRounds "5"]
[EventCountry "CAN"]
[SourceTitle "EXT 2022"]
[Source "ChessBase"]
[SourceDate "2021.10.06"]
[SourceVersion "1"]
[SourceVersionDate "2021.10.06"]
[SourceQuality "1"]

1. Nf3 Nf6 2. c4 e6 3. Nc3 Bb4 4. Qc2 O-O 5. a3 Bxc3 6. Qxc3 b6 7. g3 Bb7 8. Bg2 d6 9. O-O Nbd7 10. d3 c5 11. e4 Rc8 12. Bf4 e5 13. Bg5 h6 14. Bd2 Nb8 15. Rae1 Nc6 16. Qc1 Nd4 17. Nxd4 cxd4 18. f4 b5 19. fxe5 dxe5 20. c5 Qe7 21. b4 Rc6 22. Bh3 Bc8 23. Bf5 Be6 24. Re2 Rfc8 25. Rg2 Bxf5 26. Rxf5 Nh7 27. Rgf2 Rf6 28. Qd1 Rcc6 29. Qb3 Rxf5 30. Rxf5 Qe6 31. Qd5 f6 32. Rf1 Ng5 33. a4 a6 34. axb5 axb5 35. Bxg5 hxg5 36. Ra1 Kh7 37. Qxe6 Rxe6 38. Ra7 Kg8 39. g4 g6 40. Kf2 f5 41. Kf3 Rf6 42. Re7 fxg4+ 43. Kxg4 Rf2 44. c6 1-0

[Event "Outaouais op"]
[Site "Gatineau CAN"]
[Date "2016.06.04"]
[Round "3"]
[White "Sambuev, Bator"]
[Black "Hebert, Jean"]
[Result "1-0"]
[WhiteElo "2645"]
[BlackElo "2461"]
[PlyCount "85"]
[GameId "2160767908727097"]
[EventDate "2016.06.03"]
[EventType "swiss"]
[EventRounds "5"]
[EventCountry "CAN"]
[SourceTitle "EXT 2022"]
[Source "ChessBase"]
[SourceDate "2021.10.06"]
[SourceVersion "1"]
[SourceVersionDate "2021.10.06"]
[SourceQuality "1"]

1. e4 e6 2. d4 d5 3. Nd2 c5 4. Ngf3 Nf6 5. exd5 exd5 6. Bb5+ Bd7 7. Bxd7+ Nbxd7 8. O-O Be7 9. dxc5 Nxc5 10. Re1 O-O 11. Nf1 Nce4 12. Be3 Rc8 13. Bd4 Bc5 14. c3 Qb6 15. Qb3 Rfd8 16. Qxb6 axb6 17. Ne3 Kf8 18. Rad1 Ra8 19. a3 Ra4 20. h3 h5 21. g3 Bxd4 22. Nxd4 Ng5 23. Kg2 Ne6 24. Nec2 Nxd4 25. Nxd4 Raa8 26. f3 g6 27. Kf2 Re8 28. Rxe8+ Rxe8 29. Nc2 Rc8 30. Ne3 Rc5 31. g4 hxg4 32. hxg4 Ke8 33. Rd4 g5 34. Rd1 Kd7 35. Rh1 Rc8 36. Rh6 Rc6 37. Rh8 Rc8 38. Rxc8 Kxc8 39. Ke2 Kd7 40. Kd3 Kd6 41. Kd4 b5 42. Nf5+ Kc6 43. Nh6 1-0

[Event "Outaouais op"]
[Site "Gatineau CAN"]
[Date "2016.06.05"]
[Round "4"]
[White "Hebert, Jean"]
[Black "Demchenko, Svitlana"]
[Result "1-0"]
[WhiteElo "2461"]
[BlackElo "2063"]
[PlyCount "87"]
[GameId "2160767908727105"]
[EventDate "2016.06.03"]
[EventType "swiss"]
[EventRounds "5"]
[EventCountry "CAN"]
[SourceTitle "EXT 2022"]
[Source "ChessBase"]
[SourceDate "2021.10.06"]
[SourceVersion "1"]
[SourceVersionDate "2021.10.06"]
[SourceQuality "1"]

1. Nf3 Nf6 2. d4 d6 3. c4 g6 4. Nc3 Bg7 5. Bg5 O-O 6. h3 Nbd7 7. e3 c5 8. d5 Nb6 9. a4 a5 10. e4 Nfd7 11. Nd2 f5 12. exf5 Rxf5 13. Be3 Qf8 14. Qb3 Ra6 15. Be2 Rf7 16. Nb5 Na8 17. Ne4 h6 18. O-O Qd8 19. Rad1 Nc7 20. Qc2 Nxb5 21. cxb5 Ra8 22. g4 Nf6 23. Ng3 g5 24. Bd3 Bd7 25. Bg6 Rf8 26. f4 gxf4 27. Bxf4 Be8 28. Bxe8 Qxe8 29. Nf5 Kh8 30. Bxh6 Bxh6 31. Nxh6 Ng8 32. Qc3+ Kh7 33. Nf5 Qg6 34. Rde1 Rae8 35. Re6 Rf6 36. Rxf6 Qxf6 37. Qxf6 Nxf6 38. Nxe7 Rxe7 39. Rxf6 Re2 40. Rxd6 Rxb2 41. Rb6 Rd2 42. d6 c4 43. Rxb7+ Kg6 44. Rc7 1-0

[Event "Outaouais op"]
[Site "Gatineau CAN"]
[Date "2016.06.05"]
[Round "5"]
[White "Turcotte, Jonathan"]
[Black "Hebert, Jean"]
[Result "0-1"]
[WhiteElo "2060"]
[BlackElo "2461"]
[PlyCount "40"]
[GameId "2160767908727121"]
[EventDate "2016.06.03"]
[EventType "swiss"]
[EventRounds "5"]
[EventCountry "CAN"]
[SourceTitle "EXT 2022"]
[Source "ChessBase"]
[SourceDate "2021.10.06"]
[SourceVersion "1"]
[SourceVersionDate "2021.10.06"]
[SourceQuality "1"]

1. d4 Nf6 2. c4 e6 3. Nf3 b6 4. g3 Ba6 5. b3 Bb4+ 6. Bd2 Be7 7. Bg2 c6 8. Ne5 d5 9. Bc3 Nfd7 10. Nxd7 Nxd7 11. Nd2 O-O 12. O-O Rc8 13. e4 dxc4 14. bxc4 b5 15. Re1 Nb6 16. Rb1 b4 17. Bxb4 Bxb4 18. Rxb4 Qxd4 19. Nb3 Qxd1 20. Rxd1 c5 0-1

[Event "Mauricie op"]
[Site "Trois Rivieres CAN"]
[Date "2016.03.18"]
[Round "1"]
[White "Turcotte, Jonathan"]
[Black "Hebert, Jean"]
[Result "0-1"]
[WhiteElo "2103"]
[BlackElo "2402"]
[PlyCount "88"]
[GameId "2160767908752546"]
[EventDate "2016.03.18"]
[EventType "swiss"]
[EventRounds "5"]
[EventCountry "CAN"]
[SourceTitle "EXT 2022"]
[Source "ChessBase"]
[SourceDate "2021.10.06"]
[SourceVersion "1"]
[SourceVersionDate "2021.10.06"]
[SourceQuality "1"]

1. d4 Nf6 2. Nf3 e6 3. c4 b6 4. g3 Ba6 5. b3 Bb4+ 6. Bd2 Be7 7. Bg2 c6 8. Ne5 d5 9. Bc3 Nfd7 10. Nxd7 Nxd7 11. Nd2 O-O 12. O-O Rc8 13. Rc1 f5 14. Bb2 Bd6 15. Nf3 Qe7 16. Qd2 Nf6 17. Qg5 dxc4 18. bxc4 c5 19. d5 exd5 20. Nh4 Ne4 21. Qxe7 Bxe7 22. cxd5 Bxh4 23. gxh4 Bxe2 24. Rfe1 Bd3 25. f3 Nd6 26. Re6 Rcd8 27. Be5 Nc4 28. f4 Ne3 29. d6 Nxg2 30. Kxg2 Rd7 31. Re7 Rxe7 32. dxe7 Re8 33. Bd6 Kf7 34. Re1 Be4+ 35. Kf2 Ke6 36. Rd1 Bd5 37. Be5 Rxe7 38. a3 g6 39. Ke3 Rd7 40. Rd3 Be4 41. Rxd7 Kxd7 42. Kd2 a5 43. Kc3 b5 44. Bg7 Kc6 0-1

[Event "Mauricie op"]
[Site "Trois Rivieres CAN"]
[Date "2016.03.19"]
[Round "2"]
[White "Hebert, Jean"]
[Black "Rodrigue-Lemieux, Shawn"]
[Result "1-0"]
[WhiteElo "2402"]
[BlackElo "2192"]
[PlyCount "55"]
[GameId "2160767908752552"]
[EventDate "2016.03.18"]
[EventType "swiss"]
[EventRounds "5"]
[EventCountry "CAN"]
[SourceTitle "EXT 2022"]
[Source "ChessBase"]
[SourceDate "2021.10.06"]
[SourceVersion "1"]
[SourceVersionDate "2021.10.06"]
[SourceQuality "1"]

1. Nf3 e6 2. e4 d5 3. exd5 exd5 4. d4 Nf6 5. Bd3 Bg4 6. O-O Be7 7. Re1 O-O 8. Nbd2 c5 9. dxc5 Bxc5 10. Nb3 Bb6 11. a4 Nc6 12. h3 Bh5 13. Bf4 Nb4 14. Bf5 Re8 15. Rxe8+ Qxe8 16. a5 Bd8 17. Qd2 Nc6 18. Re1 Qf8 19. Nfd4 Bg6 20. Bxg6 hxg6 21. a6 Ne4 22. axb7 Rb8 23. Rxe4 dxe4 24. Nxc6 Rxb7 25. Nxd8 Rb6 26. Qd7 g5 27. Bc7 Rf6 28. Be5 1-0

[Event "Mauricie op"]
[Site "Trois Rivieres CAN"]
[Date "2016.03.19"]
[Round "3"]
[White "Hirschberg, Valerian"]
[Black "Hebert, Jean"]
[Result "1/2-1/2"]
[WhiteElo "2326"]
[BlackElo "2402"]
[PlyCount "69"]
[GameId "2160767908752559"]
[EventDate "2016.03.18"]
[EventType "swiss"]
[EventRounds "5"]
[EventCountry "CAN"]
[SourceTitle "EXT 2022"]
[Source "ChessBase"]
[SourceDate "2021.10.06"]
[SourceVersion "1"]
[SourceVersionDate "2021.10.06"]
[SourceQuality "1"]

1. Nf3 Nf6 2. c4 c5 3. g3 Nc6 4. Bg2 d5 5. cxd5 Nxd5 6. Nc3 Nc7 7. O-O g6 8. d3 Bg7 9. Be3 b6 10. a3 O-O 11. Rc1 Bb7 12. Nd2 Qd7 13. b4 cxb4 14. axb4 Bxc3 15. Rxc3 Nd5 16. Rc4 Ncxb4 17. Bh6 b5 18. Qa1 f6 19. Rc5 Rfc8 20. Rfc1 Rxc5 21. Rxc5 a5 22. Ne4 Ra6 23. h4 a4 24. Kh2 Qe8 25. Nc3 Qd8 26. Rxb5 Bc6 27. Rc5 a3 28. Rxc6 Rxc6 29. Nxd5 Nxd5 30. Qxa3 e6 31. e4 Nc7 32. e5 Ra6 33. Qc5 f5 34. Bb7 Ra4 35. Bg5 1/2-1/2

[Event "Mauricie op"]
[Site "Trois Rivieres CAN"]
[Date "2016.03.20"]
[Round "4"]
[White "Hebert, Jean"]
[Black "Lepine, Cedric"]
[Result "1-0"]
[WhiteElo "2402"]
[BlackElo "2113"]
[PlyCount "107"]
[GameId "2160767908752567"]
[EventDate "2016.03.18"]
[EventType "swiss"]
[EventRounds "5"]
[EventCountry "CAN"]
[SourceTitle "EXT 2022"]
[Source "ChessBase"]
[SourceDate "2021.10.06"]
[SourceVersion "1"]
[SourceVersionDate "2021.10.06"]
[SourceQuality "1"]

1. Nf3 Nf6 2. c4 e6 3. g3 b6 4. Bg2 c6 5. O-O Ba6 6. b3 Be7 7. Bb2 O-O 8. Qc2 d5 9. d4 Nbd7 10. Nbd2 Rc8 11. e4 c5 12. exd5 exd5 13. dxc5 bxc5 14. Rfe1 d4 15. Re2 Bd6 16. Ne1 Qc7 17. Nd3 Ne5 18. Nxe5 Bxe5 19. Qf5 Rce8 20. Rae1 Bc8 21. Qd3 Bg4 22. Nf3 Nd7 23. Bc1 Bh5 24. Bh3 Bg6 25. Bf5 Qb8 26. Nh4 Nf6 27. Nxg6 hxg6 28. Bh3 Bc7 29. Bd2 Rxe2 30. Rxe2 Re8 31. Bg2 Rxe2 32. Qxe2 Qe8 33. Qxe8+ Nxe8 34. Kf1 Kf8 35. Ke2 Nf6 36. b4 Bd6 37. b5 Nd7 38. f4 Ke7 39. Kd3 Nb6 40. Bf3 Na4 41. Kc2 Bc7 42. h4 Nb6 43. Kb3 f6 44. a4 g5 45. fxg5 Bxg3 46. h5 fxg5 47. Bxg5+ Ke6 48. a5 Nd7 49. Bg4+ Kd6 50. b6 a6 51. Bd8 Ne5 52. Bc8 Kc6 53. Bxa6 Nd3 54. Bb5+ 1-0

[Event "Gatineau op"]
[Site "Gatineau CAN"]
[Date "2016.03.04"]
[Round "1"]
[White "Yao, Sammy"]
[Black "Hebert, Jean"]
[Result "0-1"]
[WhiteElo "2028"]
[BlackElo "2398"]
[PlyCount "162"]
[GameId "2160767908760814"]
[EventDate "2016.03.04"]
[EventType "swiss"]
[EventRounds "5"]
[EventCountry "CAN"]
[SourceTitle "EXT 2022"]
[Source "ChessBase"]
[SourceDate "2021.10.06"]
[SourceVersion "1"]
[SourceVersionDate "2021.10.06"]
[SourceQuality "1"]

1. c4 Nf6 2. g3 e5 3. Bg2 d5 4. cxd5 Nxd5 5. Nc3 Nb6 6. Nf3 Nc6 7. O-O Be7 8. a3 a5 9. d3 O-O 10. b3 Re8 11. Bb2 Bf8 12. Nd2 Be6 13. Nc4 Nd5 14. Rc1 f6 15. Ne4 Qd7 16. Ne3 Qf7 17. Nxd5 Bxd5 18. Nd2 Bxg2 19. Kxg2 Nd4 20. Bxd4 exd4 21. Rc4 c5 22. a4 Re6 23. Ne4 b6 24. e3 dxe3 25. fxe3 Rd8 26. Qf3 Qe8 27. Rd1 Re5 28. g4 Qe6 29. h3 Be7 30. Qg3 Bd6 31. Qf3 Be7 32. Qg3 h6 33. Kf1 f5 34. gxf5 Rxf5+ 35. Ke2 Rdf8 36. Rg1 g5 37. h4 Qg6 38. hxg5 hxg5 39. Rh1 Qg7 40. Rc2 Qg6 41. Qg4 Kg7 42. Rcc1 Rh8 43. Rxh8 Kxh8 44. Rh1+ Kg7 45. Ng3 Rf8 46. Nh5+ Kg8 47. Nf4 Qg7 48. Qe6+ Rf7 49. Qc8+ Bf8 50. Rg1 Qb2+ 51. Kf3 Qe5 52. Qg4 Be7 53. Ke2 Qb2+ 54. Kf3 Qxb3 55. Qd7 Kg7 56. Ke2 Qb2+ 57. Kf3 Qe5 58. Qg4 Qd5+ 59. Ke2 Qa2+ 60. Ke1 Qa1+ 61. Ke2 Qb2+ 62. Kd1 Qb1+ 63. Ke2 Qc2+ 64. Ke1 c4 65. Nh5+ Kg8 66. Qc8+ Kh7 67. Nf6+ Rxf6 68. Rh1+ Kg7 69. Qh8+ Kf7 70. Rh7+ Ke6 71. Qc8+ Kd6 72. Qb8+ Kc6 73. Qe8+ Kd5 74. dxc4+ Kxc4 75. Qb5+ Kc3 76. Qe5+ Kb3 77. Qd5+ Ka3 78. Rxe7 Qc1+ 79. Ke2 Qf1+ 80. Kd2 Rf2+ 81. Kc3 Qc1+ 0-1

[Event "Gatineau op"]
[Site "Gatineau CAN"]
[Date "2016.03.05"]
[Round "2"]
[White "Hebert, Jean"]
[Black "Demchenko, Svitlana"]
[Result "1-0"]
[WhiteElo "2398"]
[BlackElo "1660"]
[PlyCount "61"]
[GameId "2160767908760820"]
[EventDate "2016.03.04"]
[EventType "swiss"]
[EventRounds "5"]
[EventCountry "CAN"]
[SourceTitle "EXT 2022"]
[Source "ChessBase"]
[SourceDate "2021.10.06"]
[SourceVersion "1"]
[SourceVersionDate "2021.10.06"]
[SourceQuality "1"]

1. Nf3 Nf6 2. c4 c6 3. d4 d5 4. Nc3 e6 5. Bg5 Nbd7 6. cxd5 exd5 7. e3 Be7 8. Bd3 O-O 9. Qc2 h6 10. Bf4 Nb6 11. h3 Bd6 12. Bxd6 Qxd6 13. O-O Re8 14. Ne5 a6 15. f4 c5 16. Qf2 c4 17. Bc2 Nbd7 18. g4 h5 19. g5 Ne4 20. Bxe4 dxe4 21. Nxe4 Qd5 22. Qf3 Kf8 23. Qxh5 g6 24. Qh8+ Ke7 25. Nc3 Qd6 26. Qg7 Qe6 27. d5 Qxh3 28. Rf3 Qf5 29. e4 Nxe5 30. exf5 Nxf3+ 31. Kf2 1-0

[Event "Gatineau op"]
[Site "Gatineau CAN"]
[Date "2016.03.05"]
[Round "3"]
[White "Hebert, Jean"]
[Black "Kuryliw, Ray"]
[Result "1-0"]
[WhiteElo "2398"]
[BlackElo "1951"]
[PlyCount "49"]
[GameId "2160767908760832"]
[EventDate "2016.03.04"]
[EventType "swiss"]
[EventRounds "5"]
[EventCountry "CAN"]
[SourceTitle "EXT 2022"]
[Source "ChessBase"]
[SourceDate "2021.10.06"]
[SourceVersion "1"]
[SourceVersionDate "2021.10.06"]
[SourceQuality "1"]

1. c4 c6 2. e4 e5 3. Nf3 Qc7 4. Nc3 Nf6 5. d4 d6 6. Be2 Be7 7. O-O O-O 8. h3 Nbd7 9. Re1 Re8 10. Bf1 Nf8 11. Rb1 b6 12. b4 Ng6 13. Be3 Bf8 14. Rc1 a5 15. b5 c5 16. dxc5 dxc5 17. Bg5 Nf4 18. Bxf4 exf4 19. e5 Nd7 20. Nd5 Qb8 21. Qd2 Bb7 22. Qxf4 Bxd5 23. cxd5 Nxe5 24. Nxe5 Bd6 25. Qxf7+ 1-0

[Event "Gatineau op"]
[Site "Gatineau CAN"]
[Date "2016.03.05"]
[Round "3"]
[White "Sambuev, Bator"]
[Black "Hebert, Jean"]
[Result "1-0"]
[WhiteElo "2586"]
[BlackElo "2398"]
[PlyCount "79"]
[GameId "2160767908760836"]
[EventDate "2016.03.04"]
[EventType "swiss"]
[EventRounds "5"]
[EventCountry "CAN"]
[SourceTitle "EXT 2022"]
[Source "ChessBase"]
[SourceDate "2021.10.06"]
[SourceVersion "1"]
[SourceVersionDate "2021.10.06"]
[SourceQuality "1"]

1. e4 c5 2. Nf3 Nc6 3. d4 cxd4 4. Nxd4 e5 5. Nb5 d6 6. c4 Be7 7. N1c3 a6 8. Na3 Be6 9. Nc2 Nf6 10. Bd3 O-O 11. O-O Rc8 12. Qe2 Nd7 13. b4 Bf6 14. Nd5 Bxd5 15. cxd5 Nd4 16. Nxd4 exd4 17. f4 Re8 18. Bd2 g6 19. Qf3 Bg7 20. Rae1 Qe7 21. Re2 Nb6 22. e5 Rf8 23. e6 f5 24. h3 Nc4 25. g4 Nxd2 26. Rxd2 Rc3 27. Rg2 Qh4 28. Qg3 Qxg3 29. Rxg3 fxg4 30. hxg4 Bf6 31. Rh3 Kg7 32. Kg2 h6 33. Rfh1 Be7 34. Rxh6 Rxd3 35. g5 Rg8 36. Rh7+ Kf8 37. Rf7+ Ke8 38. Rhh7 Bd8 39. Rxb7 Re3 40. Rb8 1-0

[Event "Gatineau op"]
[Site "Gatineau CAN"]
[Date "2016.03.06"]
[Round "5"]
[White "Zhu, Hong Rui"]
[Black "Hebert, Jean"]
[Result "0-1"]
[WhiteElo "2237"]
[BlackElo "2398"]
[PlyCount "82"]
[GameId "2160767908760862"]
[EventDate "2016.03.04"]
[EventType "swiss"]
[EventRounds "5"]
[EventCountry "CAN"]
[SourceTitle "EXT 2022"]
[Source "ChessBase"]
[SourceDate "2021.10.06"]
[SourceVersion "1"]
[SourceVersionDate "2021.10.06"]
[SourceQuality "1"]

1. e4 c5 2. Nf3 Nc6 3. d4 cxd4 4. Nxd4 e6 5. Nc3 Qc7 6. g3 a6 7. Bg2 Nf6 8. O-O Be7 9. a4 O-O 10. Nde2 Rb8 11. Nd4 d6 12. Re1 Bd7 13. Nxc6 Bxc6 14. a5 Rbc8 15. Be3 Rfe8 16. Qd2 Qb8 17. Bd4 e5 18. Be3 Bd7 19. Na4 Bc6 20. Nb6 Nxe4 21. Bxe4 Bxe4 22. Nxc8 Qxc8 23. Bg5 Bxg5 24. Qxg5 Bc6 25. Ra3 f6 26. Qd2 d5 27. c3 Qd7 28. Raa1 d4 29. c4 Rd8 30. Ra3 Qf5 31. Rd3 Bf3 32. Ra3 e4 33. Qf4 Qxf4 34. gxf4 d3 35. Raa1 Rd4 36. b3 Kf7 37. f5 g6 38. fxg6+ Kxg6 39. h3 d2 40. Red1 f5 41. Kh2 f4 0-1